Statistiques concernant Tous les vainqueurs du maillot vert du Tour de France depuis 1980

Cliquez ici pour prendre le quiz!

Statistiques générales

  • Ce quiz a été pris 76 fois
  • Le résultat moyen est 20 sur 44

Statistiques - réponses

AnnéeNationNom% Correct
2014🇸🇰Sagan
97%
2013🇸🇰Sagan
97%
2019🇸🇰Sagan
97%
2018🇸🇰Sagan
97%
2012🇸🇰Sagan
97%
2016🇸🇰Sagan
97%
2015🇸🇰Sagan
97%
2021🇬🇧Cavendish
88%
2011🇬🇧Cavendish
88%
2023🇧🇪Philipsen
78%
2022🇧🇪Van Aert
74%
1995🇫🇷Jalabert
62%
1992🇫🇷Jalabert
62%
1996🇩🇪Zabel
58%
1997🇩🇪Zabel
58%
1998🇩🇪Zabel
58%
1999🇩🇪Zabel
58%
2000🇩🇪Zabel
58%
2001🇩🇪Zabel
58%
2017🇦🇺Matthews
49%
2005🇳🇴Hushovd
46%
2009🇳🇴Hushovd
46%
2020🇮🇪Bennett
41%
2007🇧🇪Boonen
38%
2004🇦🇺McEwen
32%
2006🇦🇺McEwen
32%
2002🇦🇺McEwen
32%
2008🇪🇸Freire
29%
2010🇮🇹Petacchi
28%
1982🇮🇪Kelly
19%
1983🇮🇪Kelly
19%
1985🇮🇪Kelly
19%
1989🇮🇪Kelly
19%
2003🇦🇺Cooke
10%
1981🇧🇪Maertens
3%
1987🇳🇱Van Poppel
3%
1991🇺🇿Abduzhaparov
1%
1993🇺🇿Abduzhaparov
1%
1994🇺🇿Abduzhaparov
1%
1984🇧🇪Hoste
1%
1990🇩🇪Ludwig
1%
1980🇧🇪Pevenage
0%
1988🇧🇪Planckaert
0%
1986🇧🇪Vanderaerden
0%

Distribution des résultats

Percentile par nombre de réponses

% des personnes avec chaque résultat

Votre développement - résultats

Vous n’avez pas pris ce quiz